Vector Mechanics for Engineers : Dynamics /

محفوظ في:
التفاصيل البيبلوغرافية
المؤلف الرئيسي: Beer, Ferdinand P.
مؤلفون آخرون: Johnston, E. Russell
التنسيق: Sách giấy
اللغة:English
منشور في: Boston : McGraw-Hill , 1996
الوسوم: إضافة وسم
لا توجد وسوم, كن أول من يضع وسما على هذه التسجيلة!
Thư viện lưu trữ: Thư viện Trường Đại học Đà Lạt
LEADER 00645nam a2200253 4500
001 DLU020010018
005 ##11/10/1999
041 # # |a eng 
082 # # |a 620.105 4  |b BE-F 
090 # # |a 620.105 4  |b BE-F 
100 # # |a Beer, Ferdinand P. 
245 # # |a Vector Mechanics for Engineers :  |b Dynamics /  |c Beer Ferdinand P., Johnston E. Russell 
260 # # |a Boston :  |b McGraw-Hill ,  |c 1996 
300 # # |a XX, 732 tr.;   |c 25 cm. 
700 # # |a Johnston, E. Russell 
992 # # |a 322322 
994 # # |a DLU 
900 # # |a False 
911 # # |a Administrator 
925 # # |a G 
926 # # |a A 
927 # # |a SH 
980 # # |a Thư viện Trường Đại học Đà Lạt